|
|
|
|
| LEADER |
01249nam a22003372a 4500 |
| 001 |
001856932 |
| 003 |
CZ BrMZK |
| 005 |
20230502122401.0 |
| 007 |
ta |
| 008 |
230502s1995 xr er|||||||||||cze d |
| 015 |
|
|
|a cnb000107227
|
| 020 |
|
|
|a 80-7174-697-5
|q (brož.) :
|c Kč 20,00
|
| 035 |
|
|
|a (OCoLC)36608250
|
| 040 |
|
|
|a ABA001
|b cze
|
| 072 |
|
7 |
|a 821-31/-34
|x Milostná, dobrodružná, fantastická próza
|2 Konspekt
|9 25
|
| 080 |
|
|
|a 821-321.3
|2 MRF
|
| 080 |
|
|
|a (0:82-321.3)
|2 MRF
|
| 100 |
1 |
|
|a Gradmoore, Stepp,
|d 1895-1967
|7 jo2006333916
|4 aut
|
| 245 |
1 |
0 |
|a Pony express /
|c Stepp Gradmoore
|
| 260 |
|
|
|a Brno :
|b Návrat,
|c 1995
|e (Brno :
|f Spektrum)
|
| 300 |
|
|
|a 40 s. ;
|c 30 cm
|
| 490 |
1 |
|
|a Little & big western ;
|v sv. 2
|
| 500 |
|
|
|a Vl. jm. autora je Edvard Pachmayer
|
| 500 |
|
|
|a Dostupné též v digitální podobě v aplikaci Kramerius
|
| 655 |
|
7 |
|a dobrodružné povídky
|7 fd132059
|2 czenas
|
| 830 |
|
0 |
|a Little & big western
|
| 856 |
4 |
1 |
|u http://www.digitalniknihovna.cz/mzk/uuid/uuid:07603830-e9a7-11ed-9f31-5ef3fc9bb22f
|y Digitalizovaný dokument
|x NDK
|
| 910 |
|
|
|a BOA001
|b 4-1506.487
|
| 990 |
|
|
|a BK
|
| 991 |
|
|
|b 202304
|
| 996 |
6 |
|
|b 2610936326
|c 4-1506.487
|l MZK
|r Sklad / do 1 hodiny
|n 0
|p dar
|w 001923990
|u 000010
|a 1
|e BOA001
|j MZK50
|s P
|